| 000 | 00693nam a2200253Ia 4500 | ||
|---|---|---|---|
| 003 | OSt | ||
| 005 | 20220918163210.0 | ||
| 006 | a|||||r|||| 00| 0 | ||
| 007 | ta | ||
| 008 | 220917b |||||||| |||| 00| 0 eng d | ||
| 020 | _a0 233 97805 8 | ||
| 024 | _a30,644 | ||
| 037 | _cTextual | ||
| 040 |
_aARTS _cARTS _beng |
||
| 041 |
_2eng _aeng |
||
| 082 | _aO111,6N1w, L1 | ||
| 100 |
_aCollis John Stewart _911958 |
||
| 245 | 0 |
_aCarlyles _b a biography of Thomas and Jane Carlule |
|
| 260 |
_aLondon _bSidgwick UK _c1971 |
||
| 300 |
_a183p. _ccm. |
||
| 650 | _aENGLISH LITERATURE | ||
| 942 |
_hO111,6N1w, L1 _cTEXL _2CC |
||
| 999 |
_c118403 _d118403 |
||